000 00955nam0a22002651 4500
001 rc\4471490
005 20260408073850.0
021 _aRU
_b66-3.9586
021 _aRU
_bРг4586-66
035 _a(NLR Aleph) 008330105
090 _a8811673
_c8811673
100 _a20130416d1966 |||y0rusy50 ca
101 0 _arus
102 _aRU
105 _ay z |||||
200 1 _aКраткий обзор методологии планирования производительности труда в промышленности СССР
_fСоветская часть Рабочей группы СЭВ по производительности труда
210 _aБ. м.
_cБ. и.
_d1966
215 _a[1], 29 л.
_d29
300 _aОтпеч. множит. аппаратом
712 0 2 _aСЭВ
_9631309
_3RU\NLR\AUTH\8810064868
801 0 _aRU
_bNLR
_gpsbo
801 1 _aRU
_bELAR
_2rusmarc
852 _aNLR
_j66-8/919
942 _cBOOK
980 _aNB